000 00701cam a22002175i 4500
001 24219059
003 OSt
005 20251126103049.0
008 250524s2025 ke a b 001 0 eng
010 _a 2025327381
020 _a9789966263575
035 _a24219059
040 _aSEKU
050 _aHV 8073
_b.W38
100 1 _aTeresia, Ndikaru Wa.
245 1 0 _aFundamentals of criminal investigation :
_bprinciples and intelligence management /
_cNdikaru Wa Teresia.
264 1 _aEldoret, Kenya :
_bUtafiti Foundation,
_c2025.
300 _axii, 268 pages :
_billustrations (some color) ;
_c25 cm
504 _aIncludes bibliographical references (pages 259-267) and index.
942 _2lcc
_cGEN
999 _c18680
_d18680